000 00476nam a22001457a 4500
005 20151210113553.0
008 151210b xxu||||| |||| 00| 0 eng d
050 _aPR6045.O72
_bZ5 1953
100 _aWoolf, Virginia
_920175
245 _aA writer's diary
_bbeing exracts from the diary of Virginia Woolf
_cby Woolf, Virginia
260 _aLondon
_bThe Hogarth Press
_c1953
300 _ax, 372p.;
_c23cm.
700 _aWoolf, Leonard
_eed.
_921310
942 _2lcc
_cMONOGRAPH
999 _c123877
_d123877